000 00985nam a2200217Ia 4500
003 Ost
005 20260507075745.0
008 260507s9999||||xx |||||||||||||| ||und||
020 _a1050309961
040 _cfsecg
041 _aara
082 _a330
100 _aأبو القمصان، خالد
_eمؤلف
245 0 _aموجز تاريخ الأفكار الإقتصادية عبر العصور /
_c خالد أبو القمصان
260 _aالجزائر:
_bديوان المطبوعات الجامعية,
_c2001
300 _a84 صفحة؛
_bإيضاحات ؛
_c23 سم
520 _aالأفكار الإقتصادية في الفترة ما قبل الإقتصاد الرأسمالي- الافكار الإقتصادية في الفترة الرأسمالية- النظرية الكلاسيكية- أهم المفكرين في النظرية النيوكلاسيكية.
653 _aالإقتصاد
653 _aالفكر الإقتصادي
942 _cكتاب
999 _c46184
_d46184